LEADER 02361nam 22005653u 450 001 9910158905603321 005 20230807214840.0 010 $a1-943427-56-9 035 $a(CKB)3790000000021790 035 $a(EBL)2111092 035 $a(SSID)ssj0001668516 035 $a(PQKBManifestationID)16457991 035 $a(PQKBTitleCode)TC0001668516 035 $a(PQKBWorkID)15003442 035 $a(PQKB)11165058 035 $a(MiAaPQ)EBC6463668 035 $a(Au-PeEL)EBL6463668 035 $a(OCoLC)1236263190 035 $a(MiAaPQ)EBC7412469 035 $a(Au-PeEL)EBL7412469 035 $a(EXLCZ)993790000000021790 100 $a20150803d2015|||| u|| | 101 0 $aeng 135 $aur|n|---||||| 181 $ctxt 182 $cc 183 $acr 200 12$aA Full Life by Jimmy Carter | Summary & Analysis$b[electronic resource] $eReflections at Ninety 210 $aSan Francisco $ciDreamBooks Inc$d2015 215 $a1 online resource (28 p.) 300 $aDescription based upon print version of record. 327 $aSUMMARY; Important People; Analysis; Character Analysis/Relationships; Themes; Author's Style 330 $a A Full Life by Jimmy Carter | Summary & Analysis Preview: As he was turning 90, Jimmy Carter decided it was a good time to write a book about his life. He has written previous books about specific times or events, from life on his childhood farm to his four years as president. This latest memoir spans his youth, his naval career, his years as an agricultural businessman, as a local and national politician, and, finally, his later life as a peace activist and humanitarian. A Full Life combines these recollections with Carter's heartfelt poetry and homespun paintings, which also chronicle 517 $aFull Life by Jimmy Carter | Summary & Analysis 517 $aA Full Life by Jimmy Carter | Summary & Analysis 606 $aAnalysis of variance 606 $aEconometrics 606 $aPanel analysis 615 4$aAnalysis of variance. 615 4$aEconometrics. 615 4$aPanel analysis. 676 $a525.123490 700 $aInstaread$0846130 801 0$bAU-PeEL 801 1$bAU-PeEL 801 2$bAU-PeEL 906 $aBOOK 912 $a9910158905603321 996 $aA Full Life by Jimmy Carter | Summary & Analysis$91890048 997 $aUNINA